000
00266nam a22000977a 4500
999
_c
528854
_d
528854
027
_q
Hard Cover.
040
_c
0
050
_a
658.404
245
_a
PROJECT MANAGEMENT:
_b
A systems approach to planning scheduling and controlling /
_c
Kerzner, Harnold
942
_2
ddc
_c
BK